000 01170cam a22002654a 4500
001 16314671
003 ARRUPE
005 20131213102352.0
008 100702s2011 nyua b 001 0 eng
010 _a 2010027472
020 _a9780199730070 (pbk. : alk. paper)
040 _aDLC
_cDLC
_dDLC
050 0 0 _aHM480
_b.B76 2011
082 0 0 _a301.01
_222
100 1 _aBronner, Stephen Eric,
_d1949-
_95605
245 1 0 _aCritical theory :
_ba very short introduction /
_cStephen Eric Bronner.
260 _aNew York, N.Y. :
_bOxford University Press,
_cc2011.
300 _a130 p. :
_bill. ;
_c18 cm.
504 _aIncludes bibliographical references (p. 117-121) and index.
505 0 _aIntroduction : what is critical theory? -- The frankfurt school -- A matter of method -- Alienation and reification -- Enlightened illusions -- Utopia and its discontents -- The happy consciousness -- The great refusal -- From resignation to renewal.
650 0 _aCritical theory.
_95606
906 _a7
_bcbc
_corignew
_d1
_eecip
_f20
_gy-gencatlg
942 _2lcc
_cMONOGRAPH
999 _c119234
_d119234